Famous Composers - Statistics

General Stats
  • This quiz has been taken 26 times
  • The average score is 7 of 16
Answer Stats
Picture Answer % Correct
Ludwig van Beethoven
100%
Wolfgang Amadeus Mozart
100%
Johann Sebastian Bach
96%
Antonio Vivaldi
72%
Pyotr Ilyich Tchaikovsky
60%
George Frideric Handel
48%
Joseph Haydn
48%
Felix Mendelssohn
44%
Johannes Brahms
44%
Antonin Dvorak
36%
Dmitri Shostakovich
32%
Igor Stravinsky
28%
Jean Sibelius
12%
Edvard Grieg
8%
Niccolo Paganini
0%
Sir Edward Elgar
0%
No matching quizzes found
Score Distribution
Percent of People with Each Score
Percentile by Number Answered
Your Score History
You have not taken this quiz